| 000 | 00632nam a2200193 i 4500 | ||
|---|---|---|---|
| 001 | 97056 | ||
| 003 | ES-MaACL | ||
| 005 | 20230906182029.0 | ||
| 007 | t| | ||
| 008 | 050706s1953 sp ||||1| spa d | ||
| 100 | 1 |
_aManso de Zúñiga Díaz, L. _976137 |
|
| 245 | 1 | 0 |
_aElectrificación agrícola _b: electrotecnia general y sus aplicaciones en agricultura / _cL. Manso de Zuñiga Díaz. |
| 260 |
_aBarcelona : _bSalvat, _c1953. |
||
| 300 |
_aXIX, 503 p., 1 lám. pleg. : _bil. ; _c22 cm. |
||
| 490 | 1 | _aAgrícola Salvat | |
| 830 | 0 |
_aAgrícola Salvat _9181573 |
|
| 852 |
_aES-MaACL _jD-8476 _bR.33243 |
||
| 999 |
_c97056 _d97056 |
||